[Event "BLR-ch 84th"]
[Site "Minsk"]
[Date "2018.01.28"]
[Round "11"]
[White "Zhigalko, Sergei"]
[Black "Zarubitski, Viachaslau"]
[Result "1-0"]
[WhiteElo "2620"]
[BlackElo "2353"]
[PlyCount "57"]
[EventDate "2018.01.18"]
[EventType "tourn"]
[EventRounds "11"]
[EventCountry "BLR"]
[EventCategory "10"]
[SourceTitle "CBM 182 Extra"]
[Source "ChessBase"]
[SourceDate "2018.02.23"]
[SourceVersion "1"]
[SourceVersionDate "2018.02.23"]
[SourceQuality "1"]

1. e4 e5 2. Nf3 Nf6 3. d4 Nxe4 4. Bd3 Nc6 5. Nxe5 Nxe5 6. Bxe4 d5 7. dxe5 dxe4 8. Qxd8+ Kxd8 9. O-O Bf5 10. Nc3 c6 11. Rd1+ Ke7 12. Ne2 h6 13. h3 Ke6 14. g4 Bh7 15. Be3 Be7 16. Nf4+ Kxe5 17. Nh5 Bf6 18. Rd7 Rhd8 19. Rxb7 Bg6 20. Nxf6 Kxf6 21. Bxa7 Rd2 22. c3 Rc2 23. Be3 Ra4 24. a3 Ke6 25. Rd1 Ra5 26. Rb6 Ke5 27. Kg2 f5 28. Rxc6 Bf7 29. Bb6 1-0

[Event "Orsha op"]
[Site "Orsha"]
[Date "2018.01.29"]
[Round "1"]
[White "Lazavik, Denis"]
[Black "Zhigalko, Sergei"]
[Result "0-1"]
[WhiteElo "2008"]
[BlackElo "2620"]
[PlyCount "116"]
[EventDate "2018.01.29"]
[EventType "swiss"]
[EventRounds "9"]
[EventCountry "BLR"]
[SourceTitle "CBM 182 Extra"]
[Source "ChessBase"]
[SourceDate "2018.02.23"]
[SourceVersion "1"]
[SourceVersionDate "2018.02.23"]
[SourceQuality "1"]

1. d4 Nf6 2. c4 e6 3. Nf3 b6 4. a3 Bb7 5. Nc3 d5 6. Bg5 Be7 7. Qa4+ c6 8. cxd5 exd5 9. e3 O-O 10. Bd3 Nbd7 11. O-O Re8 12. Rac1 a6 13. Rfd1 g6 14. Bxf6 Nxf6 15. Ne5 b5 16. Qc2 Bd6 17. f4 c5 18. Qf2 c4 19. Bb1 Qe7 20. Rf1 Rf8 21. g4 Ne4 22. Bxe4 dxe4 23. g5 Bxe5 24. fxe5 Qxg5+ 25. Qg3 Qxg3+ 26. hxg3 f5 27. exf6 Kf7 28. d5 Rfe8 29. Rcd1 Rad8 30. Rd4 h6 31. Nxe4 Bc8 32. d6 Bd7 33. Re1 Re5 34. Nd2 g5 35. a4 Kxf6 36. Nf3 Rf5 37. Nh2 Rc5 38. Rf1+ Kg6 39. axb5 axb5 40. Ra1 Bc6 41. Ra6 b4 42. Ng4 Bb5 43. Ra1 h5 44. Nf2 Bd7 45. Ne4 Rc6 46. Rc1 Be6 47. b3 c3 48. Rxb4 c2 49. Nd2 Rcxd6 50. Rd4 Rxd4 51. exd4 Bf5 52. Nf3 Rb8 53. Ne5+ Kg7 54. Kf2 Rxb3 55. Ke2 Rxg3 56. d5 Kf6 57. Nc6 Be4 58. Nb4 Ke5 0-1

[Event "Orsha blitz op"]
[Site "Orsha"]
[Date "2018.02.03"]
[Round "1"]
[White "Zhigalko, Sergei"]
[Black "Mihalchuk, Maksim"]
[Result "1-0"]
[WhiteElo "2686"]
[BlackElo "1854"]
[PlyCount "85"]
[EventDate "2018.02.03"]
[EventType "swiss (blitz)"]
[EventRounds "9"]
[EventCountry "BLR"]
[SourceTitle "CBM 182 Extra"]
[Source "ChessBase"]
[SourceDate "2018.02.23"]
[SourceVersion "1"]
[SourceVersionDate "2018.02.23"]
[SourceQuality "1"]

1. e4 e5 2. Nf3 Nc6 3. Bb5 Nge7 4. O-O g6 5. c3 Bg7 6. d4 exd4 7. cxd4 d5 8. exd5 Nxd5 9. Bg5 f6 10. Re1+ Nde7 11. Bf4 O-O 12. Nc3 Kh8 13. h3 Nb4 14. Qb3 Nbd5 15. Bg3 c6 16. Bc4 Qb6 17. Nxd5 Qxb3 18. Bxb3 Nxd5 19. Bxd5 cxd5 20. Re7 Bf5 21. Rxb7 Be4 22. Nd2 Bd3 23. Re1 Rfe8 24. Rxe8+ Rxe8 25. Rxa7 f5 26. Nf3 Be4 27. Be5 Bxe5 28. Nxe5 Rb8 29. f3 Bc2 30. b3 Rc8 31. Ra5 Bb1 32. Rc5 Ra8 33. a4 Rb8 34. Rb5 Rc8 35. Rxd5 Ba2 36. Rb5 Rc1+ 37. Kh2 Rb1 38. a5 Rxb3 39. Rxb3 Bxb3 40. a6 Bd5 41. Nd7 Kg7 42. Nb6 Bc6 43. d5 1-0

[Event "Orsha blitz op"]
[Site "Orsha"]
[Date "2018.02.03"]
[Round "2"]
[White "Badelka, Olga"]
[Black "Zhigalko, Sergei"]
[Result "1/2-1/2"]
[WhiteElo "2191"]
[BlackElo "2686"]
[PlyCount "89"]
[EventDate "2018.02.03"]
[EventType "swiss (blitz)"]
[EventRounds "9"]
[EventCountry "BLR"]
[SourceTitle "CBM 182 Extra"]
[Source "ChessBase"]
[SourceDate "2018.02.23"]
[SourceVersion "1"]
[SourceVersionDate "2018.02.23"]
[SourceQuality "1"]

1. d4 Nf6 2. c4 e6 3. Nc3 Bb4 4. Qc2 O-O 5. a3 Bxc3+ 6. Qxc3 d6 7. Bg5 Nbd7 8. e3 b6 9. Ne2 Bb7 10. Qc2 Re8 11. Nc3 h6 12. Bh4 e5 13. d5 c6 14. dxc6 Bxc6 15. Rd1 Qc7 16. Qd2 Qb7 17. f3 Rad8 18. Be2 g5 19. Bf2 Nf8 20. O-O Ng6 21. Nd5 Nxd5 22. cxd5 Bd7 23. Qb4 a5 24. Qb3 b5 25. Bd3 Ne7 26. e4 Ng6 27. g3 h5 28. Rc1 h4 29. Be3 f6 30. Qc3 b4 31. Qc7 Qxc7 32. Rxc7 bxa3 33. bxa3 hxg3 34. hxg3 Nf8 35. Bb6 Rb8 36. Bxa5 Rb3 37. Be2 Rxa3 38. Bb4 Ra2 39. Re1 Rb8 40. Bxd6 Rbb2 41. Bf1 Bb5 42. Bxb5 Rg2+ 43. Kh1 Rh2+ 44. Kg1 Rhb2 45. Rb7 1/2-1/2

[Event "Orsha blitz op"]
[Site "Orsha"]
[Date "2018.02.03"]
[Round "4"]
[White "Andrejevs, Arvids"]
[Black "Zhigalko, Sergei"]
[Result "0-1"]
[WhiteElo "2256"]
[BlackElo "2686"]
[PlyCount "60"]
[EventDate "2018.02.03"]
[EventType "swiss (blitz)"]
[EventRounds "9"]
[EventCountry "BLR"]
[SourceTitle "CBM 182 Extra"]
[Source "ChessBase"]
[SourceDate "2018.02.23"]
[SourceVersion "1"]
[SourceVersionDate "2018.02.23"]
[SourceQuality "1"]

1. e4 c5 2. c3 Nf6 3. e5 Nd5 4. Nf3 Nc6 5. d4 cxd4 6. cxd4 d6 7. exd6 Qxd6 8. Nc3 Bg4 9. Be2 e6 10. h3 Bh5 11. g4 Bg6 12. Ne5 Be7 13. Qa4 O-O 14. Nxg6 hxg6 15. Bf3 Nb6 16. Qd1 Nxd4 17. Bxb7 Rad8 18. O-O Nc4 19. b3 Qc7 20. Bg2 Ne5 21. Bb2 Ndf3+ 22. Bxf3 Rxd1 23. Bxd1 Nd3 24. Na4 Nxb2 25. Nxb2 Qc3 26. Rb1 Qxh3 27. Re1 Bc5 28. Re2 Qxg4+ 29. Kf1 Qh3+ 30. Ke1 Bb4+ 0-1

[Event "Orsha blitz op"]
[Site "Orsha"]
[Date "2018.02.03"]
[Round "5"]
[White "Zhigalko, Sergei"]
[Black "Filipets, Egor"]
[Result "1-0"]
[WhiteElo "2686"]
[BlackElo "2223"]
[PlyCount "67"]
[EventDate "2018.02.03"]
[EventType "swiss (blitz)"]
[EventRounds "9"]
[EventCountry "BLR"]
[SourceTitle "CBM 182 Extra"]
[Source "ChessBase"]
[SourceDate "2018.02.23"]
[SourceVersion "1"]
[SourceVersionDate "2018.02.23"]
[SourceQuality "1"]

1. e4 d6 2. d4 Nf6 3. Nc3 Nbd7 4. f4 e5 5. Nf3 exd4 6. Qxd4 c6 7. Bd2 Be7 8. O-O-O O-O 9. e5 Ne8 10. Bd3 d5 11. f5 Nc5 12. Rhf1 Nxd3+ 13. Qxd3 b5 14. Nd4 c5 15. Nc6 Qd7 16. Nxd5 Bd8 17. Nde7+ Bxe7 18. Qxd7 Bxd7 19. Nxe7+ Kh8 20. Be3 Bc8 21. Bxc5 Nc7 22. Bd6 Na6 23. Nxc8 Rfxc8 24. e6 Kg8 25. Rd5 Rc6 26. Re1 Re8 27. a3 g6 28. g4 Nc7 29. Bxc7 Rxc7 30. exf7+ Kxf7 31. fxg6+ hxg6 32. Rxe8 Kxe8 33. Rxb5 Rh7 34. Rb8+ 1-0

[Event "Orsha blitz op"]
[Site "Orsha"]
[Date "2018.02.03"]
[Round "6"]
[White "Zhigalko, Sergei"]
[Black "Apryshko, Gleb"]
[Result "1-0"]
[WhiteElo "2686"]
[BlackElo "2494"]
[PlyCount "59"]
[EventDate "2018.02.03"]
[EventType "swiss (blitz)"]
[EventRounds "9"]
[EventCountry "BLR"]
[SourceTitle "CBM 182 Extra"]
[Source "ChessBase"]
[SourceDate "2018.02.23"]
[SourceVersion "1"]
[SourceVersionDate "2018.02.23"]
[SourceQuality "1"]

1. e4 g6 2. d4 Bg7 3. Nc3 d6 4. Nf3 a6 5. Be3 Nd7 6. a4 b6 7. Bd3 e6 8. O-O Ne7 9. Re1 h6 10. Ne2 Bb7 11. Qd2 Nf6 12. Ng3 Ng4 13. c3 Qd7 14. Qe2 Nxe3 15. Qxe3 e5 16. h4 h5 17. dxe5 Bh6 18. Qe2 O-O 19. Bc4 d5 20. exd5 Nxd5 21. Rad1 Qe6 22. Ne4 Nf4 23. Bxe6 Nxe2+ 24. Rxe2 fxe6 25. Nf6+ Kh8 26. Rd7 Bg7 27. Ng5 Bxf6 28. exf6 Rxf6 29. Rxc7 Bd5 30. c4 1-0

[Event "Orsha blitz op"]
[Site "Orsha"]
[Date "2018.02.03"]
[Round "7"]
[White "Kovalev, Vladislav"]
[Black "Zhigalko, Sergei"]
[Result "1/2-1/2"]
[WhiteElo "2549"]
[BlackElo "2686"]
[PlyCount "100"]
[EventDate "2018.02.03"]
[EventType "swiss (blitz)"]
[EventRounds "9"]
[EventCountry "BLR"]
[SourceTitle "CBM 182 Extra"]
[Source "ChessBase"]
[SourceDate "2018.02.23"]
[SourceVersion "1"]
[SourceVersionDate "2018.02.23"]
[SourceQuality "1"]

1. e4 c5 2. Nf3 Nc6 3. Nc3 Nf6 4. Bb5 Qc7 5. O-O Nd4 6. Re1 a6 7. Bf1 Ng4 8. g3 Nxf3+ 9. Qxf3 Ne5 10. Qe3 e6 11. b3 d6 12. Bg2 Be7 13. Bb2 O-O 14. Ne2 b5 15. d4 cxd4 16. Nxd4 Bb7 17. Rad1 Rac8 18. h3 Rfe8 19. Rd2 Bf8 20. Red1 h6 21. Kh2 Qa5 22. a3 Qc7 23. f4 Nd7 24. Ne2 e5 25. fxe5 Nxe5 26. Nf4 Qe7 27. Qf2 Qg5 28. Nd3 Nd7 29. Qa7 Rc7 30. Qd4 Nf6 31. Nf2 Nh5 32. Qd3 Rce7 33. Qf3 d5 34. Rxd5 Bxd5 35. Rxd5 Re5 36. Bxe5 Rxe5 37. Rxe5 Qxe5 38. Qf5 Qxg3+ 39. Kg1 Nf6 40. e5 Nh7 41. e6 fxe6 42. Qxe6+ Kh8 43. Qf5 Nf6 44. Ne4 Qe3+ 45. Kh1 Qe1+ 46. Kh2 Qe3 47. Nxf6 Bd6+ 48. Kh1 Qe1+ 49. Qf1 Qxf1+ 50. Bxf1 gxf6 1/2-1/2

[Event "Orsha blitz op"]
[Site "Orsha"]
[Date "2018.02.03"]
[Round "8"]
[White "Grishchenko, Sergey"]
[Black "Zhigalko, Sergei"]
[Result "0-1"]
[WhiteElo "2461"]
[BlackElo "2686"]
[PlyCount "58"]
[EventDate "2018.02.03"]
[EventType "swiss (blitz)"]
[EventRounds "9"]
[EventCountry "BLR"]
[SourceTitle "CBM 182 Extra"]
[Source "ChessBase"]
[SourceDate "2018.02.23"]
[SourceVersion "1"]
[SourceVersionDate "2018.02.23"]
[SourceQuality "1"]

1. d4 Nf6 2. c4 e6 3. Nc3 Bb4 4. e3 O-O 5. Nge2 d5 6. cxd5 exd5 7. g3 Re8 8. Bg2 c6 9. O-O Bf8 10. Kh1 Bf5 11. f3 h6 12. e4 dxe4 13. fxe4 Bxe4 14. Nxe4 Nxe4 15. Qb3 Nd6 16. Nf4 Qb6 17. Qd3 Nd7 18. Nh5 Qb5 19. Qf3 Qe2 20. Bf4 Qxf3 21. Rxf3 Nb5 22. Be3 Rad8 23. Raf1 g6 24. Nf4 Bg7 25. d5 Ne5 26. dxc6 Nxf3 27. cxb7 Rxe3 28. Bxf3 Rb8 29. Rc1 Nd6 0-1

[Event "Orsha blitz op"]
[Site "Orsha"]
[Date "2018.02.03"]
[Round "9"]
[White "Zhigalko, Sergei"]
[Black "Harshkou, Mikita"]
[Result "1-0"]
[WhiteElo "2686"]
[BlackElo "2207"]
[PlyCount "142"]
[EventDate "2018.02.03"]
[EventType "swiss (blitz)"]
[EventRounds "9"]
[EventCountry "BLR"]
[SourceTitle "CBM 182 Extra"]
[Source "ChessBase"]
[SourceDate "2018.02.23"]
[SourceVersion "1"]
[SourceVersionDate "2018.02.23"]
[SourceQuality "1"]

1. e4 e6 2. d4 d5 3. Nd2 Be7 4. Ngf3 c5 5. dxc5 Nf6 6. e5 Nfd7 7. Nb3 Nxc5 8. Nxc5 Bxc5 9. Bd3 Nc6 10. O-O Nb4 11. Be2 h6 12. a3 Nc6 13. Bd3 O-O 14. Re1 Qb6 15. Qe2 f6 16. exf6 Rxf6 17. Be3 Bd7 18. Bxc5 Qxc5 19. Qe3 Qd6 20. Ne5 Nxe5 21. Qxe5 Qb6 22. Qe3 Qd6 23. Rad1 Raf8 24. f3 b6 25. c4 Qc6 26. cxd5 exd5 27. Rc1 Qd6 28. Qe5 Qxe5 29. Rxe5 Rd6 30. Rc7 a5 31. Kf2 Kf7 32. Ke3 Kf6 33. Kd4 Rc8 34. Rxc8 Bxc8 35. Rxd5 Rc6 36. Be4 Be6 37. Rd8 Rc1 38. Ke3 Re1+ 39. Kf4 Rg1 40. Kg3 Re1 41. Rd6 Ke7 42. Rxb6 Re2 43. b4 axb4 44. axb4 Rb2 45. Rb7+ Kf6 46. Rb6 Ke5 47. f4+ Kxe4 48. Rxe6+ Kf5 49. Re5+ Kf6 50. Re4 Kf5 51. Re5+ Kf6 52. Rb5 Rb3+ 53. Kg4 g6 54. Rb6+ Kg7 55. g3 Rb2 56. h4 Rb3 57. Rb7+ Kf6 58. Rb6+ Kg7 59. Rb7+ Kf6 60. Rb5 h5+ 61. Kh3 Ke6 62. Rg5 Kf6 63. b5 Rb2 64. Rc5 Rb3 65. Kg2 Rb2+ 66. Kf1 Rb3 67. Rg5 Rb2 68. Ke1 Rb4 69. Kd2 Rd4+ 70. Kc3 Rd6 71. Kc4 Rd1 1-0

[Event "EU-ch 19th"]
[Site "Batumi"]
[Date "2018.03.21"]
[Round "5"]
[White "Sarana, Alexey"]
[Black "Zhigalko, Sergei"]
[Result "1/2-1/2"]
[WhiteElo "2577"]
[BlackElo "2625"]
[Annotator "Quintiliano,Renato"]
[PlyCount "52"]
[EventDate "2018.03.17"]
[EventType "swiss"]
[EventRounds "11"]
[EventCountry "GEO"]
[SourceTitle "CBM 184"]
[Source "ChessBase"]
[SourceDate "2018.05.16"]
[SourceVersion "1"]
[SourceVersionDate "2018.05.16"]
[SourceQuality "1"]

1. e4 c5 2. Nf3 d6 3. d4 cxd4 4. Nxd4 Nf6 5. Nc3 a6 6. Bg5 Nbd7 7. Qe2 {Not the main move, but there are no harmless lines in the 6.g5.} ({the natural} 7. f4) ({and} 7. Bc4 {are more often seen.}) 7... h6 8. Bh4 (8. Bxf6 {is less played} Nxf6 9. O-O-O {White bets on the use of his lead in development, but Black achieves a nice position with} e5 $1 10. Nf5 g6 11. Ne3 Be6 {the d5-square is compensated for by a more free position for Black, who scores pretty well in this position} 12. g3 (12. Ned5 Nxd5 13. Nxd5 Rc8 14. Kb1 Rc5 15. Ne3 h5 $1 16. g3 Bh6 17. Qd3 Qa5 $1 18. a3 O-O $1 19. Qxd6 Rfc8 {0-1 Firouzja,A (2492)-Areshchenko,A (2686) Dubai op 19th 2017 (6) White is under unpleasant pressure on the queenside -}) 12... Rc8 13. Ned5 ({White players have also played} 13. Rd3 {protecting against sacrifices on c3 and getting ready to double on the d-file} h5 $1 {[%cal Yf8h6] a thematic idea to activate the dark-squared bishop, it is very important for Black to be ready to sacrifice the d6-pawn in return for an active position} 14. Bg2 Bh6 15. Kb1 O-O 16. Rhd1 Qa5 $1 17. Ned5 Nxd5 18. Nxd5 Rc5 19. a3 Kg7 20. b4 Qb5 21. a4 $5 {winning the rook, but not the game} Qxa4 22. bxc5 Qb5+ 23. Ka1 Qa4+ 24. Kb1 Qb5+ $11 {1/2 Hansen,E (2603)-Bok,B (2608) Tata Steel-B 79th Wijk aan Zee 2017 (2)} 25. Ka2 Qc4+ $1) 13... Nxd5 14. Nxd5 Rc5 $1 {[%cal Ye6d5] Black is always threatening to take on d5 leaving a white pawn there, which would not only equalise but also sometimes give an easier position for Black} 15. b4 $6 {1/2 Nakamura,H (2785)-Gopal,G (2579) Gibraltar Masters 15th Caleta 2017 (3)} Rc6 $13 {White's last move makes his position a bit unstable.}) 8... b5 {Stepping into a less explored position.} (8... g6 {is by far the most played, leading to very sharp positions.}) 9. f4 (9. O-O-O {gives different ideas for White} Bb7 10. Bxf6 Nxf6 11. e5 $5 {although White's position looks very active, Black is not really in trouble here} dxe5 12. Qxe5 (12. Ndxb5 Nd7) 12... Qd6 13. Qxd6 exd6 14. Nb3 d5 15. Na5 O-O-O $1 $11 {1/2 Solak,D (2610)-Wojtaszek,R (2713) EU-ch 15th Yerevan 2014 (10)}) 9... g5 $5 {An interesting sacrifice, this way Black manages to release White's pressure in the centre, and gains time to develop his own initiative on the queenside.} 10. fxg5 hxg5 11. Bxg5 e6 $6 $146 {Honestly I think that Zhigalko just played this move unaware of how important the move order is.} (11... Bb7 {is correct.}) 12. O-O-O {After some reflection, Sarana goes back to the theoretical path.} ({He probably felt that} 12. Nd5 $1 {was an interesting move, and actually it was!} Bb7 (12... exd5 $2 13. Nc6 $1 {[%cal Re4d5] wins on the spot}) 13. Nxf6+ Nxf6 14. e5 $1 {Black has no time to continue developing} (14. O-O-O Be7 15. e5 Ne4 16. Bxe7 Qxe7 17. exd6 Qxd6 18. Qe3 Rxh2 19. Rxh2 Qxh2 20. Nf3 Qg3 {looks tense but equal}) 14... Qa5+ (14... dxe5 15. Qxe5 Rh5 $5 16. h4 $14 {looks very unpleasant for Black}) 15. Bd2 Qa4 {[%csl Yd4]} 16. Nxb5 $5 axb5 17. exf6 Bc6 18. a3 {remaining at least a pawn up, although Black should have decent compensation, but not with} Rh4 $6 {[%cal Gh4e4]} (18... Rc8 $142) 19. Qf2 $1 $16) 12... Bb7 13. e5 $1 {White plays in the most principled way, trying to explore the development.} (13. a3 {is the most played, but has scored poorly, as Black has time to create counterplay} Rc8 14. Qe1 $5 {[%cal Ye1c3]} (14. Bd2 Qb6 15. Nf3 b4 16. axb4 Qxb4 17. e5 dxe5 18. Nxe5 Qa5 $1 19. Nxd7 Qa1+ 20. Nb1 Nxd7 $19 {[%cal Yf8g7];0-1 Das,S (2456)-Idani,P (2517) Wch U20 53rd Pune 2014 (3)}) 14... Rxc3 $1 {White's last move doesn't really prevent this typical sacrifice} 15. bxc3 (15. Qxc3 Nxe4 16. Bxd8 Bh6+ 17. Kb1 Nxc3+ 18. bxc3 Kxd8 $44 {0-1 Antal,T (2321)-Idani,P (2480) Wch U20 52nd Kocaeli 2013 (12)}) 15... Qc7 16. Bd3 Qc5 $44 {[%csl Ya3,Yg5];1/2 Rasulov,V (2488)-Khismatullin,D (2661) Baku op 2013 (6)}) 13... dxe5 (13... Nxe5 $2 {is bad} 14. Ndxb5 $1 axb5 15. Qxe5 $1 dxe5 16. Rxd8+ Rxd8 17. Bxf6 {with advantage for White.}) 14. Ndxb5 $5 $146 {This is the new move, judging by the time spent by Sarana, probably found over the board. But probably not the best move objectively speaking.} (14. Nf3 {has been played twice, but Black was fine in both games} b4 $1 (14... Rg8 {was also good} 15. h4 Qc7 16. Nxe5 Qxe5 17. Qxe5 Nxe5 18. Bxf6 Bh6+ 19. Kb1 Ng4 20. Bd4 Ne3 21. Bxe3 Bxe3 $44 {[%csl Gb7,Ge3][%cal Yg8g1];0-1 Raja,H (2354)-Troff,K (2522) Abu Dhabi op 23rd 2016 (7) the bishop pair and the active position are enough compensation for the pawn -}) 15. Nxe5 $2 {wrong reaction} (15. Ne4 Bxe4 16. Bxf6 Qxf6 17. Qxe4 Qf4+ $1 18. Qxf4 exf4 $11) 15... Qa5 $1 {[%csl Gc3][%cal Ya5g5,Ya5a2];0-1 Raja,H (2423)-Huschenbeth,N (2596) Douglas IoM op 2017 (7) suddenly Black is very active -}) 14... axb5 15. Bxf6 $5 (15. Rxd7 $2 {looks also attractive} Kxd7 (15... Qxd7 16. Qxe5 {[%cal Yf1b5]}) 16. Qxe5 {but Black is able to keep the material and found a safe place to the king, solving his problems} Bg7 17. Bxb5+ Kc8 $17) 15... Qxf6 16. Qxb5 O-O-O $17 {With some precise moves, Black should be able to consolidate his advantage. But in practice it is never too easy, especially because White has some pawns and Black's king is a bit unsafe.} 17. Kb1 Qf2 $1 {[%cal Gf2a7] Zhigalko keeps finding good moves, now the queen is helping to press on the kingside and protecting his king at same time.} 18. Na4 Rh4 {[%cal Yh4d4] Now d4 is threatened.} 19. c3 {xd7 is a possible threat now.} Qf5+ {This move doesn't waste Black's advantage, but he had two or three creative solutions. True, Zhigalko played it with 5 minutes on the clock, and the variations are not so easy.} (19... Bd6 $1 {was probably the most difficult} 20. Rxd6 Qe1+ 21. Kc2 Qe4+ $1 {[%csl Ra4]} 22. Kb3 Qxa4+ $1 23. Qxa4 Nc5+ $19) ({and} 19... Be4+ 20. Ka1 Qa7 $1 {looks difficult but it is a bit intuitive, bringing the queen to help in defence.}) (19... Qa7 $6 20. Rxd7 $1 Be4+ 21. Bd3 Bxd3+ 22. Rxd3 Rxd3 23. Qxd3 Qxa4 $17 {also looks playable} 24. Rd1 Qe4 $1 $19) 20. Ka1 Qe4 21. b4 $1 {Sarana finds the most stubborn moves, as now Black can't count on mating ideas on the back rank.} Qc6 22. Qa5 Qc7 $6 {In severe time-trouble, Black's doesn't find the correct path and accepts the repetition.} (22... Bd6 $1 {was the answer to Black's questions} 23. Bb5 Qc7 24. Qa7 (24. Bxd7+ Kxd7 $1) 24... Qb8 $1 25. Qf2 (25. Bxd7+ {still fails to} Kxd7 $1) (25. Qa5 $2 Bc7 $19 {[%csl Ra5]}) 25... Rf4 26. Qe2 Qc7 $17 {the dust has settled and Black is able to consolidate his advantage.}) 23. Qa7 Qc6 (23... Nb8 $1 {was also winning here} 24. Ba6 $5 (24. Nb6+ Qxb6 25. Qxb6 Rxd1+ 26. Kb2 Rd2+ $19) 24... Rd6 $1 25. Rxd6 Bxd6 $19 {White can't play b6 because of the c3-pawn hanging.}) 24. Qa5 Qc7 25. Qa7 Qc6 26. Qa5 Qc7 {An interesting game with complications, time-trouble and many tactical resources. Just one more regular day in Najdorf's g5 office.} 1/2-1/2

[Event "Budapest Spring op"]
[Site "Budapest"]
[Date "2018.04.18"]
[Round "1"]
[White "Apaydin, Fethi"]
[Black "Zhigalko, Sergei"]
[Result "0-1"]
[WhiteElo "2337"]
[BlackElo "2608"]
[PlyCount "73"]
[EventDate "2018.04.18"]
[EventType "swiss"]
[EventRounds "9"]
[EventCountry "HUN"]
[SourceTitle "CBM 184 Extra"]
[Source "ChessBase"]
[SourceDate "2018.06.28"]
[SourceVersion "1"]
[SourceVersionDate "2018.06.28"]
[SourceQuality "1"]

1. e4 c5 2. Nc3 Nc6 3. g3 g6 4. Bg2 Bg7 5. d3 Rb8 6. f4 d6 7. Nf3 Nf6 8. O-O O-O 9. h3 b5 10. g4 b4 11. Ne2 Nd7 12. Rb1 Qa5 13. Be3 Qxa2 14. Qc1 Bb7 15. g5 f5 16. gxf6 exf6 17. b3 f5 18. Ng5 Nd8 19. e5 Qa6 20. Ra1 Qb6 21. Bxb7 Qxb7 22. d4 dxe5 23. dxe5 h6 24. Nf3 Ne6 25. Kf2 g5 26. Rg1 Kh8 27. Qd1 Rbd8 28. Qf1 Qe4 29. Qg2 Qxc2 30. Rxa7 Rg8 31. Rc1 Qxb3 32. Nd2 Qd3 33. Qc6 gxf4 34. Nxf4 Nxf4 35. Bxf4 Nxe5 36. Qb7 Qxh3 37. Be3 0-1

[Event "Budapest Spring op"]
[Site "Budapest"]
[Date "2018.04.19"]
[Round "2"]
[White "Zhigalko, Sergei"]
[Black "Toth, Ervin"]
[Result "1-0"]
[WhiteElo "2608"]
[BlackElo "2427"]
[PlyCount "77"]
[EventDate "2018.04.18"]
[EventType "swiss"]
[EventRounds "9"]
[EventCountry "HUN"]
[SourceTitle "CBM 184 Extra"]
[Source "ChessBase"]
[SourceDate "2018.06.28"]
[SourceVersion "1"]
[SourceVersionDate "2018.06.28"]
[SourceQuality "1"]

1. e4 e6 2. d4 d5 3. Nd2 Nf6 4. e5 Nfd7 5. Bd3 c5 6. c3 Nc6 7. Ne2 cxd4 8. cxd4 f6 9. exf6 Nxf6 10. Nf3 Bd6 11. O-O O-O 12. Bf4 Bxf4 13. Nxf4 Ne4 14. Qc1 Qf6 15. Ne2 e5 16. dxe5 Nxe5 17. Nxe5 Qxe5 18. f3 Nf6 19. Qd2 Bd7 20. Rfe1 Rfe8 21. Rad1 Qd6 22. Qf4 Qb6+ 23. Qd4 Qa5 24. Nc3 Be6 25. Bb5 Re7 26. Re2 a6 27. Ba4 Rd8 28. Rde1 Kf7 29. g4 h6 30. f4 b5 31. Bb3 b4 32. g5 hxg5 33. fxg5 bxc3 34. gxf6 gxf6 35. Rxe6 Rxe6 36. Qa7+ Kg6 37. Rxe6 d4 38. Re2 Kh6 39. Rg2 1-0

[Event "Budapest Spring op"]
[Site "Budapest"]
[Date "2018.04.20"]
[Round "3"]
[White "Zanan, Evgeny"]
[Black "Zhigalko, Sergei"]
[Result "1/2-1/2"]
[WhiteElo "2493"]
[BlackElo "2608"]
[PlyCount "43"]
[EventDate "2018.04.18"]
[EventType "swiss"]
[EventRounds "9"]
[EventCountry "HUN"]
[SourceTitle "CBM 184 Extra"]
[Source "ChessBase"]
[SourceDate "2018.06.28"]
[SourceVersion "1"]
[SourceVersionDate "2018.06.28"]
[SourceQuality "1"]

1. d4 Nf6 2. c4 e6 3. Nf3 b6 4. g3 Ba6 5. b3 Bb4+ 6. Bd2 Be7 7. Nc3 O-O 8. Bg2 c6 9. e4 d5 10. exd5 cxd5 11. Ne5 Bb7 12. O-O Nc6 13. Bf4 Rc8 14. Rc1 Ba3 15. Rc2 a6 16. Na4 Re8 17. Bg5 Be7 18. Be3 Nb4 19. Rd2 Nc6 20. Rc2 Nb4 21. Rd2 Nc6 22. Rc2 1/2-1/2